Responses for Show #7256 - Monday, March 14, 2016

Contestants

[<< previous game]

Amanda Darby, a librarian from Frederick, Maryland

Philip Tiu, an educator from Atlanta, Georgia

Gordon Moffat, an e-discovery professional from Nashville, Tennessee (whose 1-day cash winnings total $24,700)

[next game >>]

Jeopardy! Round responses

IT WAS 1916
BEST DRAMA SERIES EMMY AWARDS
WORLD OF RELIGION
R-D-R HAR!
(Alex: Those three letters, "R-D-R", will come up in each correct response in that order.)
DOVER EXPOSURE
(Alex: And finally, thanks to Mimi Sheraton, you get to deal with...)
1,000 FOODS TO EAT BEFORE YOU DIE
    $200 1
shark

Philip
    $200 5
Breaking Bad

Amanda
    $200 8
rice

Gordon
    $200 21
the Second World War

Gordon
    $200 9
caviar

Amanda
    $400 7
Dublin

Gordon
    $400 6
Upstairs, Downstairs

Gordon
    $400 14
Vodou

Gordon
    $400 22
(Alex: With less than a minute to go, you're right.)

Delaware

Philip
    $400 10
cannoli

Amanda
    $600 4
Black & Decker

Amanda
    $600 18
Cagney & Lacey

Gordon
    $600 15
Ash Wednesday

Amanda
    $600 26
(Gordon: What is a flounder?)

a flatfish

GordonPhilip
    $600 11
bouillabaisse

Gordon
    $800 3
(Gordon: What is Verdun in [*]?)

France

Gordon
    $800 19
Lost

Amanda
    $800 16
Hinduism

Philip
    $800 27
[end-of-round signal sounds]

a raider

Philip
    $800 25
Charles II

Gordon
    $800 12
lingonberries

Amanda
    $1,000 2
(Philip: What is Cuba?)

the Dominican Republic

Philip
    $1000 20
The Waltons

Gordon
    $1000 17
(Gordon: What is Taoism?)

Confucianism

GordonAmanda
    $1000 24
raison d'étre

Gordon
    $1000 23
Calais

Gordon
    $1000 13
Manchego

Gordon

Scores at the first commercial break (after clue 13):

Gordon Philip Amanda
$3,400 -$800 $2,200

Scores at the end of the Jeopardy! Round:

Gordon Philip Amanda
$6,800 $1,800 $4,600

Double Jeopardy! Round responses

MOVIES ON SUBMARINES
THANK YOU, MA'AM
MUSICAL WORDS & PHRASES
1980s BOOKS
GONNA TAKE YOU HIGHER
"M" PLACEMENT
    $400 7
the Red October

Gordon
    $400 26
[end-of-round signal sounds]

Chile

Amanda
    $800 8
Rock Hudson

Gordon
    $800 10
a woman suffragist

Gordon
    $800 25
fiddle faddle

Triple Stumper
    $4,000 24
The Bourne Identity

Philip
    $800 21
a ski lift

Philip
    $800 3
Medina

Amanda
    $1200 9
571

Amanda
    $1200 16
Avila

Gordon
    $4,000 5
the horn of plenty

Amanda
    $1200 6
Nancy Reagan

Gordon
    $1200 20
the unemployment rate

Gordon
    $1200 1
(Philip: What is Thailand?)

Mongolia

Philip
Triple Stumper
    $1600 11
(Gene) Hackman & (Denzel) Washington

Gordon
    $1600 14
Iran

Philip
    $1600 4
humdrum

Triple Stumper
    $1600 19
Howard Cosell

Triple Stumper
    $1600 23
(Alex: Good. Less than a minute now.)

Sherman

Philip
    $1600 2
Muscogee

Triple Stumper
    $2000 12
Run Deep

Philip
    $2000 13
Simone de Beauvoir

Amanda
    $2000 15
the piano

Triple Stumper
    $2000 17
Presumed Innocent

Gordon
    $2000 22
the roof beam

Triple Stumper
    $2000 18
(Amanda: What is Micronesia?)

Moorea

Amanda
Triple Stumper

Scores at the end of the Double Jeopardy! Round:

Gordon Philip Amanda
$16,000 $10,600 $11,000

[wagering suggestions for these scores]

Final Jeopardy! Round responses

THE NOBEL PHYSICS PRIZE
PhilipWho is Higgs?
$10,598
AmandaWho is H Hawking?
$5,000
GordonWho is Hawking?
$4,000
Peter Higgs

Final scores:

Gordon Philip Amanda
$12,000 $21,198 $6,000
2nd place: $2,000 New champion: $21,198 3rd place: $1,000

Game dynamics:

Coryat scores:

Gordon Philip Amanda
$16,000 $8,400 $8,200
21 R,
2 W
10 R
(including 1 DD),
2 W
(including 1 DD)
13 R
(including 1 DD),
1 W

Combined Coryat: $32,600

[game clues] [game scores] [suggest correction]

Game tape date: 2016-01-27
The J! Archive is created by fans, for fans. Scraping, republication, monetization, and malicious use prohibited; this site may use cookies and collect identifying information. See terms. The Jeopardy! game show and all elements thereof, including but not limited to copyright and trademark thereto, are the property of Jeopardy Productions, Inc. and are protected under law. This website is not affiliated with, sponsored by, or operated by Jeopardy Productions, Inc. Join the discussion at JBoard.tv.